000 00701nam a22002057a 4500
003 OSt
005 20260505102344.0
008 260505b |||||||| |||| 00| 0 eng d
020 _a9780375722769 Pbk. Bp.
040 _aMMSU
_cULS
050 _aPE 1112 R36 2008 REF CASAT
245 _aRandom house webster's grammar, usage, and punctuation /
260 _aNew York :
_bRandom House Reference,
_c2008.
300 _axii, 365 pages ;
_c21 cm.
504 _aIncludes index.
650 _aEnglish language--Grammar--Handbooks, manuals, etc.
650 _aEnglish language--Punctuation--Handbooks, manuals, etc.
650 _a English language--Usage--Handbooks, manuals, etc.
942 _2lcc
_cBK
999 _c29065
_d29065